| 000 | 00830cam a2200265 i 4500 | ||
|---|---|---|---|
| 999 |
_c200446959 _d65171 |
||
| 003 | TR-AnTOB | ||
| 005 | 20220526095116.0 | ||
| 007 | ta | ||
| 008 | 220201s2000 tu 000 0 tur d | ||
| 040 |
_aTR-AnTOB _beng _erda _cTR-AnTOB _dTR-AnTOB |
||
| 041 | 0 | _atur | |
| 050 |
_bGR281.C365 _aC365 2000 |
||
| 090 |
_aTOBBK GR281.C365 _bC365 2000 |
||
| 245 |
_aÇankırı yaran meclisi / _cOrhan Özkan. |
||
| 264 | 1 |
_aÇankırı : _bÇankırı Belediyesi, _c2000. |
|
| 300 |
_a86 pages ; _c21 cm |
||
| 336 |
_atext _btxt _2rdacontent |
||
| 337 |
_aunmediated _bn _2rdamedia |
||
| 338 |
_avolume _bnc _2rdacarrier |
||
| 650 | 0 |
_aFolklor _zTürkiye _zÇankırı _957708 |
|
| 653 | _a Eğlence adetleri-Gelenekler 394.3 Ahilik-Yaran meclisi | ||
| 942 |
_2z _cBK |
||